000 00644nam a22001937a 4500
003 OSt
005 20260422033322.0
008 260422b |||||||| |||| 00| 0 eng d
020 _a0-495-00365-4
040 _aDWC-Main lib
_cOC
082 _212th edition
_aCirc. 709 K64g 2006
100 _aLeiner, Fred S.
245 _aGardner's art through the ages :
_bnon-Western perspectives/
_cFred S. Leiner
260 _aAustralia ; U.S. :
_bThomson/ Wadsworth,
_cc2006.
300 _axxv, 256 pages :
_bcolored illustration ;
_c29 cm.
650 _a1. Art-History.
700 _aMamiya, Christin J.
942 _2ddc
_cBK-CIRC
_e12th ed.
_hCirc.
_n0
999 _c9661
_d9661